Notes sur Paris / (Record no. 154741)

MARC details
000 -LEADER
campo de control de longitud fija 00884nam a22002415i 4500
001 - NÚMERO DE CONTROL
campo de control 154741
003 - IDENTIFICADOR DE NÚMERO DE CONTROL
campo de control ES-MaACL
005 - FECHA Y HORA DE LA ÚLTIMA TRANSACCIÓN
campo de control 20251013214051.0
008 - DATOS DE LONGITUD FIJA--INFORMACIÓN GENERAL
campo de control de longitud fija 050914s1901 fr | |||||||| ||fre d
040 ## - FUENTE DE CATALOGACIÓN
Centro catalogador/agencia de origen CAM
Lengua de catalogación spa
Centro/agencia transcriptor CAM
100 1# - ENTRADA PRINCIPAL--NOMBRE DE PERSONA
Nombre de persona Graindorge, Fréderic-Thomas.
9 (RLIN) 127525
245 10 - MENCIÓN DEL TÍTULO
Título Notes sur Paris /
Mención de responsabilidad, etc. vie et opinions de Fréderic-Thomas Graindorge; recueillis et publiées par H. Taine.
250 ## - MENCION DE EDICION
Mención de edición 13e éd.
260 ## - PUBLICACIÓN, DISTRIBUCIÓN, ETC.
Lugar de publicación, distribución, etc. Paris :
Nombre del editor, distribuidor, etc. Librairie Hachette et Cie.,
Fecha de publicación, distribución, etc. 1901 (
Lugar de fabricación/manufactura Coulommiers :
Fabricante Imp. Paul Brodard)
300 ## - DESCRIPCIÓN FÍSICA
Extensión XI, 346, [1] p. ;
Dimensiones 19 cm.
700 1# - ENTRADA AGREGADA--NOMBRE PERSONAL
Nombre de persona Taine, Hippolyte,
Fechas asociadas al nombre 1828-1893
Término indicativo de función/relación
9 (RLIN) 109085
700 1# - ENTRADA AGREGADA--NOMBRE PERSONAL
Nombre de persona Brodard, Paul,
Término indicativo de función/relación
9 (RLIN) 126184
710 21 - ENTRADA AGREGADA--NOMBRE DE ENTIDAD CORPORATIVA
Nombre de entidad corporativa o nombre de jurisdicción como elemento de entrada Hachette,
Término indicativo de función/relación
9 (RLIN) 134431
752 ## - ENTRADA AGREGADA--NOMBRE JERÁRQUICO DEL LUGAR
País o entidad superior Francia -
Ciudad París
752 ## - ENTRADA AGREGADA--NOMBRE JERÁRQUICO DEL LUGAR
País o entidad superior Francia -
Ciudad Coulommiers
852 ## - LOCALIZACIÓN
Ubicación ES-MaACL
Número de control de estantería F-11602
Nota libre -- Enc. pasta española
Holdings
Estatus retirado Estado de pérdida Estado de daño No para préstamo Biblioteca de origen Biblioteca actual Ubicación en estantería Fecha de adquisición Fuente de adquisición Total de préstamos Signatura topográfica completa Código de barras Visto por última vez Precio de reemplazo Tipo de ítem Koha
        Biblioteca del Ateneo de Madrid Biblioteca del Ateneo de Madrid Sala Pecera Planta 2 17/01/2008     F-11602 1161849 23/02/2023 23/02/2023 Libro impreso antiguo